Star Wars The Clone Quiz - Statistics

General Stats
  • This quiz has been taken 110 times
  • The average score is 15 of 24
Answer Stats
Hint Answer % Correct
Echo
98%
Echo
98%
Fives
98%
Who ist part of clone force 99? Hunter
95%
Crosshair
92%
Wrecker
91%
Tech
88%
Omega
87%
Who is a close companion of domino squad on Kamino? 99
86%
Hevy
85%
Waxer
84%
Which two clones discover the tunnels of Ryloth alongside Numa? Boil
82%
Who is part of the domino squad? Cutup
74%
Droidbait
69%
Which designation number belongs to Captain Rex? CT-7567
59%
What is the name of the ARC-Trooper who overlooks the last test of domino squad? Colt
47%
Slick
42%
Which squad do the members of domino squad envy? Bravo Squad
33%
What ist the name of the clone that now lives on Saleucami? Cut Lawquane
22%
Who is part of the "traitorous" squad of clones on Christophsis? Chopper
19%
Jester
9%
Sketch
9%
Gus
8%
Punch
7%
No matching quizzes found
Score Distribution
Percent of People with Each Score
Percentile by Number Answered
Your Score History
You have not taken this quiz